| 000 | 00788cam a22002411 4500 | ||
|---|---|---|---|
| 001 | l 44000237 | ||
| 003 | DLC | ||
| 005 | 20260227111539.0 | ||
| 008 | 880927s1944 dcua 000 0 eng | ||
| 010 | _al 44000237 | ||
| 035 | _a(OCoLC)18534875 | ||
| 040 |
_aDLC _cAU _dDLC |
||
| 050 | 0 | 0 |
_aZ1037 _b.F17 |
| 100 | 1 |
_aFaegre, Marion Ellison Lyon, _d1888- |
|
| 245 | 1 | 0 |
_aFor the children's bookshelf; _ba booklist for parents. |
| 260 |
_a[Washington, _c1944] |
||
| 300 |
_a24 p. _billus. _c23 cm. |
||
| 490 | 0 |
_aU. S. Children's Bureau publication ; _v304 |
|
| 500 | _aPrepared by Marion L. Faegre, assisted by Nora E. Beust. cf. Foreword. | ||
| 650 | 0 |
_aChildren's literature _xBibliography. |
|
| 650 | 0 |
_aChildren _xBooks and reading _zUnited States. |
|
| 700 | 1 |
_aBeust, Nora, _d1888- |
|
| 999 |
_c36480 _d36480 |
||